[Event "Baden-ch op U1600"]
[Site "Haslach im Kinzigtal"]
[Date "2010.06.04"]
[Round "5"]
[White "Laurin, Benjamin"]
[Black "Walter, Tim Lucas"]
[Result "1-0"]
[WhiteElo "1472"]
[BlackElo "1533"]
[PlyCount "79"]
[EventDate "2010.05.31"]
[EventType "swiss"]
[EventRounds "7"]
[EventCountry "GER"]
[SourceTitle "EXT 2011"]
[Source "ChessBase"]
[SourceDate "2010.11.26"]
[SourceVersion "1"]
[SourceVersionDate "2010.11.26"]
[SourceQuality "1"]

1. e4 e6 2. Nc3 d5 3. d4 Bb4 4. exd5 exd5 5. Qe2+ Qe7 6. Bd2 Qxe2+ 7. Bxe2 Nf6 8. 0-0-0 0-0 9. Nb5 Bxd2+ 10. Rxd2 Na6 11. f3 Bd7 12. g4 Bxg4 13. fxg4 Ne4 14. Nf3 Nxd2 15. Kxd2 Rfd8 16. Nc3 Nb4 17. Ne5 f6 18. Nf3 a5 19. a3 Na6 20. Bd3 c6 21. g5 fxg5 22. Nxg5 h6 23. Ne6 Rd6 24. Bxa6 Rxa6 25. Nc5 Ra7 26. N3a4 b5 27. Nc3 Rf7 28. a4 b4 29. Ne2 g5 30. Rg1 Kh7 31. Rg2 Kg6 32. h4 Kh5 33. hxg5 hxg5 34. Nd3 g4 35. Ne5 Rg7 36. Ng3+ Kg5 37. Ke3 Re7 38. Rh2 c5 39. Rh5+ Kf6 40. Rh6+ 1-0

[Event "Baden-ch op U1600"]
[Site "Haslach im Kinzigtal"]
[Date "2010.06.03"]
[Round "4"]
[White "Walter, Tim Lucas"]
[Black "Herzog, Manfred"]
[Result "1/2-1/2"]
[WhiteElo "1533"]
[BlackElo "1930"]
[PlyCount "110"]
[EventDate "2010.05.31"]
[EventType "swiss"]
[EventRounds "7"]
[EventCountry "GER"]
[SourceTitle "EXT 2011"]
[Source "ChessBase"]
[SourceDate "2010.11.26"]
[SourceVersion "1"]
[SourceVersionDate "2010.11.26"]
[SourceQuality "1"]

1. e4 g6 2. d4 Nf6 3. e5 Nh5 4. Bc4 d5 5. exd6 Qxd6 6. c3 Qc6 7. Bf1 Bg7 8. Nf3 0-0 9. Be3 Bg4 10. Be2 Nd7 11. h3 Bxf3 12. Bxf3 Qb5 13. Qb3 Qxb3 14. axb3 c6 15. Bxh5 gxh5 16. 0-0 b6 17. Nd2 e5 18. Nf3 e4 19. Nd2 f5 20. Bf4 c5 21. Bd6 Rf6 22. dxc5 Nxc5 23. Bxc5 bxc5 24. Ra5 Rc6 25. Nc4 a6 26. Ne3 f4 27. Nd5 Bf8 28. Nxf4 Rb8 29. Nxh5 Rxb3 30. Ng3 Rxb2 31. Nxe4 Re2 32. Ng3 Rc2 33. Ne4 Bg7 34. Rxc5 Rxc5 35. Nxc5 a5 36. Ne4 Bxc3 37. Nxc3 Rxc3 38. Ra1 Rc5 39. g4 Kf7 40. f4 h5 41. Kf2 hxg4 42. hxg4 Rc4 43. Rxa5 Rxf4+ 44. Kg3 Rb4 45. Ra6 Rb3+ 46. Kh4 Kg7 47. g5 Rb4+ 48. Kh5 Rb5 49. Ra7+ Kg8 50. Kh6 Rb6+ 51. g6 Rb8 52. Rg7+ Kh8 53. Re7 Kg8 54. Rg7+ Kh8 55. Rh7+ Kg8 1/2-1/2